Lewerenz Elfriede: "Die Analyse des Faschismus durch die Kommunistiche Internationale. Die Aufdeckung von Wesen und Funktion des Faschismus während der Vorbereitung und Durchführung des VII. Kongresses der Kommunistischen Interanationale (1933-1935)" [kniha]

Bibliographic Details
Main Author: Tkadlečková, Herta, 1931- (Author)
Format: Article
Language:Slovak
English
Subjects:

MARC

LEADER 00000nab a2200000 a 4500
001 vtls008829668
003 SK-MaSNL
005 20260304134418.0
008 250505 1976 xo 000 0 slo
015 |a SNBRB1977 
035 |a urn:nbn:sk:snk-ab7tw1 
035 |a (urnnbn)urn:nbn:sk:snk:ar-003xjj 
035 |a (uuid)140b943e-14bb-4e38-b21f-92a15c559024 
040 |a SNKBUCL  |b slo  |c SNKBUCL  |e AACR2 
041 0 |a eng 
044 |a xo  |c SK 
080 |a 94(4)"1933/1935"  |2 2001 
080 |a 329.15(4)"1933/1935"  |2 2001 
100 1 |a Tkadlečková, Herta,  |d 1931-  |4 aut  |9 201396 
245 1 0 |a Lewerenz Elfriede: "Die Analyse des Faschismus durch die Kommunistiche Internationale. Die Aufdeckung von Wesen und Funktion des Faschismus während der Vorbereitung und Durchführung des VII. Kongresses der Kommunistischen Interanationale (1933-1935)"  |b [kniha]  |c [autor] Herta Tkadlečková 
610 2 7 |a Komunistická internacionála  |2 snkbucl  |9 84364 
648 7 |a 1933-1935  |2 snkbucl  |9 397932 
650 0 7 |a fašizmus  |2 snkbucl  |9 4834 
650 0 7 |a monografie  |2 snkbucl  |9 256509 
655 7 |a recenzie  |2 snkbucl  |9 21907 
773 0 |t Historický časopis  |g Roč. 24, č. 4 (1976), s. 606-609 
787 0 8 |i Rec.:  |a Lewerenz Elfriede  |t Die Analyse des Faschismus durch die Kommunistiche Internationale. Die Aufdeckung von Wesen und Funktion des Faschismus während der Vorbereitung und Durchführung des VII. Kongresses der Kommunistischen Interanationale (1933-1935) 
850 |a Slovenská národná knižnica 
852 |a Slovenská národná knižnica 
954 |a odborná, vedecká literatúra pôvodná (slovenská)  |2 lita 
958 |a article9 
958 |a RC 
958 |a OND 
958 |a EUIPO 
999 |c 2906742  |d 2908672